Movies Quiz

Random Movies or Clickable Quiz

Three Word Hints for Three Letter Films Quiz Stats

 Plays Quiz Updated Apr 25, 2019

Score 0/20 Timer 02:30
12 Plays Today
% Correct
Ted
97.8%
Elf
97.4%
Bug
92.3%
Hop
92.2%
Rio
91.9%
Saw
91.1%
xXx
90.8%
Big
89.1%
Ali
83.6%
JFK
82.4%
% Correct
Che
81.5%
Dad
78.3%
Spy
75.9%
Joy
65.4%
Her
61%
Red
57.3%
UHF
54.3%
Hud
51.8%
Ran
39.5%
Joe
37.8%

You're not logged in!

Compare scores with friends on all Sporcle quizzes.
OR
Log In

Sporcle TV

Today on Sporcle TV


Watch our educational content, quiz creation guides, and fun videos on Sporcle TV.

Show Comments

Extras

Top Quizzes Today


Score Distribution

Your Account Isn't Verified!

In order to create a playlist on Sporcle, you need to verify the email address you used during registration. Go to your Sporcle Settings to finish the process.

Report this User

Report this user for behavior that violates our Community Guidelines.

Details: